000
00207nam a2200097Ia 4500
008
220204s9999 xx 000 0 und d
082
_a
82-3
_b
KRI
100
_a
Krishan Shah
245
0
_a
Shalimar
942
_c
BK
999
_c
29295
_d
29295